000
00329nam a22001457a 4500
008
230707b ||||| |||| 00| 0 eng d
020
_a
9781138100633
041
_a
eng
080
_a
615.83
082
_a
615.83BRA
100
_a
16
101
_a
EGZ
245
_a
UNDERSTANDING SPORT MANAGEMENT
_c
BRADBURY.T
942
_2
udc
_c
BK
999
_c
60132
_d
60132